[Event "Gibtelecom AmatWk1 7th"]
[Site "Gibraltar"]
[Date "2009.01.27"]
[Round "1.1"]
[White "Aagedal, Geir Ole"]
[Black "Poggio, Freddie"]
[Result "1-0"]
[WhiteElo "1832"]
[BlackElo "1544"]
[PlyCount "100"]
[EventDate "2009.01.27"]
[EventType "swiss"]
[EventRounds "5"]
[EventCountry "GGB"]
[SourceTitle "BritBase"]
[Source "www.saund.co.uk"]
[SourceDate "2018.02.10"]
[SourceVersion "1"]
[SourceVersionDate "2018.02.10"]
[SourceQuality "1"]

1. c4 Nf6 2. g3 g6 3. Bg2 Bg7 4. Nc3 e6 5. e4 d6 6. d4 Nbd7 7. Nge2 O-O 8. O-O
c5 9. d5 exd5 10. exd5 Ne5 11. Qb3 a6 12. Bd2 Rb8 13. a4 Bf5 14. Bf4 Nfd7 15.
Ne4 Qe7 16. Rfe1 Bxe4 17. Bxe4 f5 18. Bg2 Qf6 19. Bd2 b5 20. axb5 axb5 21. cxb5
c4 22. Qa3 Rxb5 23. Bc3 Rb3 24. Qa7 Qf7 25. Nd4 Rbb8 26. Ne6 Nf6 27. Nxf8 Qxa7
28. Rxa7 Kxf8 29. f4 Ned7 30. Rxd7 Nxd7 31. Bxg7+ Kxg7 32. Re7+ Kg8 33. Rxd7
Rxb2 34. Rc7 Rc2 35. Bf1 c3 36. Bd3 Rc1+ 37. Kf2 h6 38. h3 Kf8 39. g4 Rh1 40.
Bf1 fxg4 41. hxg4 c2 42. Rxc2 h5 43. Bg2 Rd1 44. gxh5 gxh5 45. Kg3 Rd4 46. Rf2
Kg7 47. Bf3 Kh6 48. Rh2 Kg6 49. Rxh5 Rd3 50. Kg4 Kf6 1-0

[Event "Gibtelecom AmatWk1 7th"]
[Site "Gibraltar"]
[Date "2009.01.27"]
[Round "1.2"]
[White "Escandell Atienza, Santiago"]
[Black "Viera Falcon, Cristo"]
[Result "0-1"]
[WhiteElo "1485"]
[BlackElo "1750"]
[PlyCount "50"]
[EventDate "2009.01.27"]
[EventType "swiss"]
[EventRounds "5"]
[EventCountry "GGB"]
[SourceTitle "BritBase"]
[Source "www.saund.co.uk"]
[SourceDate "2018.02.10"]
[SourceVersion "1"]
[SourceVersionDate "2018.02.10"]
[SourceQuality "1"]

1. e4 d5 2. exd5 Nf6 3. Nf3 Nxd5 4. d4 g6 5. Nc3 Nxc3 6. bxc3 Bg7 7. Bd3 c5 8.
Be3 O-O 9. Qd2 Nc6 10. Bh6 cxd4 11. Bxg7 Kxg7 12. h4 h5 13. cxd4 Nxd4 14. Qc3
e5 15. O-O-O Nxf3 16. gxf3 Qf6 17. Be4 Bf5 18. Rhg1 Bxe4 19. fxe4 Qf4+ 20. Kb1
Rac8 21. Qg3 Qxe4 22. Rc1 Rc5 23. f3 Qb4+ 24. Ka1 Qc3+ 25. Kb1 Rb5# 0-1

[Event "Gibtelecom AmatWk1 7th"]
[Site "Gibraltar"]
[Date "2009.01.27"]
[Round "1.3"]
[White "Carlsen, Ellen Oen"]
[Black "Coats, Jon R"]
[Result "1-0"]
[WhiteElo "1748"]
[BlackElo "1456"]
[PlyCount "67"]
[EventDate "2009.01.27"]
[EventType "swiss"]
[EventRounds "5"]
[EventCountry "GGB"]
[SourceTitle "BritBase"]
[Source "www.saund.co.uk"]
[SourceDate "2018.02.10"]
[SourceVersion "1"]
[SourceVersionDate "2018.02.10"]
[SourceQuality "1"]

1. e4 e6 2. d4 d5 3. Nd2 Nf6 4. e5 Nfd7 5. Bd3 c5 6. c3 Nc6 7. Ngf3 b6 8. O-O
Be7 9. Re1 O-O 10. Nf1 cxd4 11. cxd4 Nb4 12. Bb1 Re8 13. a3 Nc6 14. Qc2 Nf8 15.
Qxc6 Ba6 16. Ne3 Bc4 17. Qa4 b5 18. Qd1 b4 19. b3 Ba6 20. axb4 Qb6 21. Bd2 Rec8
22. Ng4 Nd7 23. Ng5 Bxg5 24. Bxg5 Bb5 25. Be7 a6 26. Nf6+ Nxf6 27. exf6 g6 28.
Qd2 Kh8 29. Bxg6 fxg6 30. Qh6 Rg8 31. f7 Qxd4 32. f8=Q Raxf8 33. Bxf8 Qf6 34.
Bd6 1-0

[Event "Gibtelecom AmatWk1 7th"]
[Site "Gibraltar"]
[Date "2009.01.27"]
[Round "1.4"]
[White "Haddock, Paul"]
[Black "Gates, David A"]
[Result "0-1"]
[WhiteElo "1416"]
[BlackElo "1738"]
[PlyCount "86"]
[EventDate "2009.01.27"]
[EventType "swiss"]
[EventRounds "5"]
[EventCountry "GGB"]
[SourceTitle "BritBase"]
[Source "www.saund.co.uk"]
[SourceDate "2018.02.10"]
[SourceVersion "1"]
[SourceVersionDate "2018.02.10"]
[SourceQuality "1"]

1. e4 c6 2. d4 d5 3. Nc3 dxe4 4. Nxe4 Bf5 5. Ng3 Bg6 6. Nf3 Nd7 7. Bd3 Bxd3 8.
Qxd3 e6 9. O-O Bd6 10. Re1 Ngf6 11. Ne5 O-O 12. c4 Rc8 13. Qf3 Qa5 14. Bf4 Bb4
15. Re3 Rfd8 16. Re2 Bf8 17. b3 g6 18. Bg5 Bg7 19. Ne4 Nxe5 20. Nxf6+ Bxf6 21.
Qxf6 Ng4 22. Qf4 Rxd4 23. Qc1 f6 24. Bd2 Qh5 25. h3 Ne5 26. Re3 Rcd8 27. g4 Qh4
28. Bc3 Nxg4 29. hxg4 Rd1+ 30. Qxd1 Rxd1+ 31. Rxd1 Qxg4+ 32. Kf1 Qxd1+ 33. Kg2
e5 34. Bb4 h5 35. Bc5 b6 36. Bb4 Kg7 37. Be1 g5 38. Bc3 h4 39. Bxe5 fxe5 40.
Rxe5 Qg4+ 41. Kf1 h3 42. Re4 Qd1+ 43. Re1 Qxe1+ 0-1

[Event "Gibtelecom AmatWk1 7th"]
[Site "Gibraltar"]
[Date "2009.01.27"]
[Round "1.5"]
[White "Goodfellow, Russell"]
[Black "Jones, Sidney A"]
[Result "1/2-1/2"]
[WhiteElo "1688"]
[BlackElo "1280"]
[PlyCount "29"]
[EventDate "2009.01.27"]
[EventType "swiss"]
[EventRounds "5"]
[EventCountry "GGB"]
[SourceTitle "BritBase"]
[Source "www.saund.co.uk"]
[SourceDate "2018.02.10"]
[SourceVersion "1"]
[SourceVersionDate "2018.02.10"]
[SourceQuality "1"]

1. e4 e5 2. Nf3 Nc6 3. d4 exd4 4. Nxd4 Nf6 5. Nxc6 bxc6 6. Bd3 Be7 7. O-O O-O
8. f4 d5 9. e5 Bc5+ 10. Kh1 Ng4 11. Qf3 Qh4 12. h3 Nf2+ 13. Kh2 Ng4+ 14. Kh1
Nf2+ 15. Kh2 1/2-1/2

[Event "Gibtelecom AmatWk1 7th"]
[Site "Gibraltar"]
[Date "2009.01.27"]
[Round "1.6"]
[White "McLeod, Paul"]
[Black "Garcia, Mario"]
[Result "0-1"]
[WhiteElo "1200"]
[BlackElo "1663"]
[PlyCount "90"]
[EventDate "2009.01.27"]
[EventType "swiss"]
[EventRounds "5"]
[EventCountry "GGB"]
[SourceTitle "BritBase"]
[Source "www.saund.co.uk"]
[SourceDate "2018.02.10"]
[SourceVersion "1"]
[SourceVersionDate "2018.02.10"]
[SourceQuality "1"]

1. c4 Nf6 2. Nc3 g6 3. Nf3 Bg7 4. e4 d6 5. d4 O-O 6. Be2 Bg4 7. Be3 Nbd7 8. h3
Bxf3 9. Bxf3 e5 10. d5 a6 11. Qd2 Re8 12. O-O Rc8 13. Bg5 Qe7 14. Bg4 Qf8 15.
Bxd7 Nxd7 16. f4 exf4 17. Rxf4 Ne5 18. b3 Bh6 19. Rh4 Bxg5 20. Qxg5 f6 21. Qh6
Qxh6 22. Rxh6 Kg7 23. Rh4 g5 24. Rh5 Kg6 25. g4 Nd3 26. Rf1 Nf4 27. Rxf4 gxf4
28. Rf5 Re5 29. Rxf4 Kg5 30. Rf3 Rce8 31. Kf2 h5 32. Kg3 hxg4 33. hxg4 Rh8 34.
Rf4 Rh3+ 35. Kxh3 Kxf4 36. Kg2 Kxg4 37. Kf2 Kf4 38. Ke2 Rh5 39. Kd3 Rh3+ 40.
Kd2 Ke5 41. b4 Kd4 42. Ne2+ Kxe4 43. c5 Rh2 44. Kd1 Rxe2 45. Kxe2 dxc5 0-1

[Event "Gibtelecom AmatWk1 7th"]
[Site "Gibraltar"]
[Date "2009.01.27"]
[Round "1.8"]
[White "Salomon, Johan"]
[Black "Flanagan, Samuel"]
[Result "0-1"]
[WhiteElo "1174"]
[BlackElo "1650"]
[PlyCount "107"]
[EventDate "2009.01.27"]
[EventType "swiss"]
[EventRounds "5"]
[EventCountry "GGB"]
[SourceTitle "BritBase"]
[Source "www.saund.co.uk"]
[SourceDate "2018.02.10"]
[SourceVersion "1"]
[SourceVersionDate "2018.02.10"]
[SourceQuality "1"]

1. e4 c5 2. Nc3 Nc6 3. f4 d6 4. Nf3 g6 5. d3 Bg7 6. Be3 e6 7. g3 Nge7 8. Bg2
Qb6 9. Rb1 Nd4 10. O-O Nec6 11. Ne2 Nxf3+ 12. Bxf3 Qc7 13. c3 b6 14. d4 O-O 15.
Qd2 Bb7 16. Rf2 Ne7 17. Rbf1 Rad8 18. Qc2 Rc8 19. Qb1 Ba6 20. Rg2 Rfd8 21. h3
d5 22. e5 Nf5 23. Bf2 cxd4 24. Bxd4 Nxd4 25. cxd4 Qc4 26. Rc1 Qb4 27. a3 Qa4
28. Rd1 Rc7 29. Nc3 Qd7 30. Be2 Bxe2 31. Rxe2 Rdc8 32. Rg2 Bf8 33. g4 Bxa3 34.
bxa3 Rxc3 35. Kh2 Qa4 36. Rd3 Rxa3 37. Rxa3 Qxa3 38. f5 Rc3 39. Qe1 Rxh3+ 40.
Kg1 Qe3+ 41. Qxe3 Rxe3 42. f6 Rc3 43. Ra2 Rc7 44. Kf2 Kf8 45. Ke3 Ke8 46. Rh2
h5 47. gxh5 gxh5 48. Ra2 Kd7 49. Kd3 Kc8 50. Ra4 Kb7 51. Ra2 b5 52. Ra5 Kb6 53.
Ra2 a5 54. Rc2 0-1

[Event "Gibtelecom AmatWk1 7th"]
[Site "Gibraltar"]
[Date "2009.01.27"]
[Round "1.9"]
[White "Bishop, Geoffrey L"]
[Black "Cox, Reginald"]
[Result "1-0"]
[WhiteElo "1616"]
[BlackElo "1088"]
[PlyCount "113"]
[EventDate "2009.01.27"]
[EventType "swiss"]
[EventRounds "5"]
[EventCountry "GGB"]
[SourceTitle "BritBase"]
[Source "www.saund.co.uk"]
[SourceDate "2018.02.10"]
[SourceVersion "1"]
[SourceVersionDate "2018.02.10"]
[SourceQuality "1"]

1. e4 c5 2. Nf3 Nc6 3. d4 cxd4 4. Nxd4 e6 5. Nc3 Nf6 6. Be3 Bb4 7. Bd3 d6 8.
O-O Bxc3 9. bxc3 e5 10. Nf5 Bxf5 11. exf5 O-O 12. Qf3 Re8 13. Qg3 Nh5 14. Qg4
Nf6 15. Qg3 Nh5 16. Qf3 Nf6 17. Bg5 h6 18. Bh4 Kh8 19. Rab1 Rb8 20. Bc4 d5 21.
Bxf6 Qxf6 22. Bxd5 Rec8 23. Rfe1 b6 24. Bxc6 Rxc6 25. Rb5 Rc5 26. Reb1 Rxb5 27.
Rxb5 Re8 28. Qe4 Rd8 29. Kf1 Qd6 30. Qe2 Qd2 31. g4 Qd1+ 32. Qxd1 Rxd1+ 33. Kg2
Rd2 34. Rb2 e4 35. Kf1 e3 36. fxe3 Rxh2 37. a4 Rh4 38. Rb4 Rh2 39. Rc4 Rxc2 40.
Rc7 Rc1+ 41. Ke2 a5 42. Rc6 Ra1 43. Rc4 Ra2+ 44. Kf3 Kh7 45. e4 g5 46. e5 Ra1
47. e6 Rf1+ 48. Ke4 Rf4+ 49. Kd5 fxe6+ 50. fxe6 Rxc4 51. Kxc4 Kg7 52. Kb5 Kf6
53. Kxb6 Kxe6 54. c4 Kd7 55. c5 Kd8 56. Kb7 h5 57. gxh5 1-0

[Event "Gibtelecom AmatWk1 7th"]
[Site "Gibraltar"]
[Date "2009.01.27"]
[Round "1.10"]
[White "Stoop, Michael"]
[Black "Smith, Paul"]
[Result "0-1"]
[WhiteElo "1080"]
[BlackElo "1600"]
[PlyCount "53"]
[EventDate "2009.01.27"]
[EventType "swiss"]
[EventRounds "5"]
[EventCountry "GGB"]
[SourceTitle "BritBase"]
[Source "www.saund.co.uk"]
[SourceDate "2018.02.10"]
[SourceVersion "1"]
[SourceVersionDate "2018.02.10"]
[SourceQuality "1"]

1. d4 Nf6 2. c4 d5 3. Nc3 c6 4. Nf3 dxc4 5. e4 b5 6. g3 a6 7. Bg2 e6 8. O-O Be7
9. Bg5 Nbd7 10. Qe2 h6 11. Bf4 Bb7 12. Rfd1 Qb6 13. Be3 Qa5 14. Bd2 Qd8 15. Bf4
Qc8 16. Ne5 Nxe5 17. Bxe5 O-O 18. Rf1 Nd7 19. Bf4 Nb6 20. Qg4 f5 21. exf5 exf5
22. Qf3 Nd5 23. Nxd5 cxd5 24. Rfe1 Bf6 25. Be5 Qd7 26. Bh3 Bg5 27. Bxf5 0-1

[Event "Gibtelecom AmatWk1 7th"]
[Site "Gibraltar"]
[Date "2009.01.27"]
[Round "1.11"]
[White "Socko, Weronika"]
[Black "Apps, Ian"]
[Result "1-0"]
[WhiteElo "1600"]
[BlackElo "1064"]
[PlyCount "49"]
[EventDate "2009.01.27"]
[EventType "swiss"]
[EventRounds "5"]
[EventCountry "GGB"]
[SourceTitle "BritBase"]
[Source "www.saund.co.uk"]
[SourceDate "2018.02.10"]
[SourceVersion "1"]
[SourceVersionDate "2018.02.10"]
[SourceQuality "1"]

1. e4 Nf6 2. Nc3 e5 3. Nf3 Nc6 4. d4 Bd6 5. d5 Ne7 6. Be3 c6 7. Bc4 b5 8. Bb3
c5 9. Nxb5 Nxe4 10. Ng5 Qa5+ 11. c3 Qxb5 12. Nxe4 c4 13. Nxd6+ Kf8 14. Nxb5
cxb3 15. Nc7 Rb8 16. axb3 Rb7 17. Rxa7 d6 18. Qa1 f6 19. Ne6+ Kf7 20. O-O Nxd5
21. Rxb7+ Bxb7 22. Qa7 Kxe6 23. Qxb7 Ne7 24. f4 Nd5 25. f5# 1-0

[Event "Gibtelecom AmatWk1 7th"]
[Site "Gibraltar"]
[Date "2009.01.27"]
[Round "1.12"]
[White "Apps, Ray"]
[Black "Chidi, Lovinia Sylvia"]
[Result "0-1"]
[WhiteElo "1000"]
[BlackElo "1588"]
[PlyCount "52"]
[EventDate "2009.01.27"]
[EventType "swiss"]
[EventRounds "5"]
[EventCountry "GGB"]
[SourceTitle "BritBase"]
[Source "www.saund.co.uk"]
[SourceDate "2018.02.10"]
[SourceVersion "1"]
[SourceVersionDate "2018.02.10"]
[SourceQuality "1"]

1. e4 c5 2. d3 d6 3. Nf3 Nf6 4. Be2 e6 5. O-O Be7 6. Nc3 O-O 7. b3 Nc6 8. h3 a6
9. a4 Qc7 10. Ba3 b6 11. Ng5 h6 12. Nf3 Bb7 13. Qd2 Rad8 14. e5 dxe5 15. Qe3
Nd5 16. Nxd5 exd5 17. Rad1 Rfe8 18. c3 d4 19. Qd2 dxc3 20. Qxc3 Bf6 21. Rde1 e4
22. Qc2 exf3 23. gxf3 Nd4 24. Qd2 Rxe2 25. Rxe2 Nxf3+ 26. Kh1 Qh2# 0-1

[Event "Gibtelecom AmatWk1 7th"]
[Site "Gibraltar"]
[Date "2009.01.27"]
[Round "1.13"]
[White "Rashleigh, Jonathan"]
[Black "Benson, Nicola"]
[Result "1/2-1/2"]
[WhiteElo "1584"]
[BlackElo "813"]
[PlyCount "73"]
[EventDate "2009.01.27"]
[EventType "swiss"]
[EventRounds "5"]
[EventCountry "GGB"]
[SourceTitle "BritBase"]
[Source "www.saund.co.uk"]
[SourceDate "2018.02.10"]
[SourceVersion "1"]
[SourceVersionDate "2018.02.10"]
[SourceQuality "1"]

1. e4 d5 2. exd5 Nf6 3. d4 Nxd5 4. Nf3 Bf5 5. c4 Nb6 6. Be2 g6 7. O-O Bg7 8.
Be3 O-O 9. Nc3 Nc6 10. Qd2 Re8 11. a4 Na5 12. c5 Nb3 13. Qd1 Nxa1 14. cxb6 Nc2
15. bxc7 Qxc7 16. Nb5 Qd7 17. Bf4 Rec8 18. Be5 Nb4 19. Bxg7 Kxg7 20. Ne5 Qd8
21. Qb3 Nd5 22. Bc4 Be6 23. Re1 f6 24. Nxg6 Rxc4 25. Qxc4 Rc8 26. Qe2 Kxg6 27.
Qxe6 Qg8 28. Qxg8+ Rxg8 29. Nxa7 Kf7 30. Nb5 Nf4 31. g3 Nd3 32. Re2 Rc8 33. Nc3
Rc4 34. d5 Rb4 35. Kg2 Nxb2 36. a5 Nc4 37. Ra2 1/2-1/2

[Event "Gibtelecom AmatWk1 7th"]
[Site "Gibraltar"]
[Date "2009.01.27"]
[Round "1.16"]
[White "Badillo Garcia, Aztlan"]
[Black "Barros Campoy, Jose Manuel"]
[Result "0-1"]
[WhiteElo "1383"]
[BlackElo "1840"]
[PlyCount "66"]
[EventDate "2009.01.27"]
[EventType "swiss"]
[EventRounds "5"]
[EventCountry "GGB"]
[SourceTitle "BritBase"]
[Source "www.saund.co.uk"]
[SourceDate "2018.02.10"]
[SourceVersion "1"]
[SourceVersionDate "2018.02.10"]
[SourceQuality "1"]

1. e4 Nf6 2. Bd3 e5 3. Nc3 Bc5 4. Nf3 d6 5. h3 O-O 6. Bc4 Be6 7. Bb3 a6 8. O-O
Nbd7 9. d3 b5 10. Bg5 h6 11. Bh4 Qe8 12. Qe2 Bxb3 13. axb3 b4 14. Nd5 Nxd5 15.
exd5 f5 16. c4 bxc3 17. bxc3 Qf7 18. c4 Rfb8 19. Qc2 a5 20. Rfb1 Qh5 21. Bg3 f4
22. Bh2 Bb4 23. d4 exd4 24. Nxd4 Bc5 25. Nc6 Re8 26. Re1 f3 27. Ne7+ Rxe7 28.
Rxe7 Qg5 29. Rxg7+ Qxg7 30. Bg3 Qxa1+ 31. Kh2 fxg2 32. Kxg2 Qg7 33. Kh2 Rf8 0-1

[Event "Gibtelecom AmatWk1 7th"]
[Site "Gibraltar"]
[Date "2009.01.27"]
[Round "1.17"]
[White "Bath, Tom"]
[Black "Correa Vargas, Luis"]
[Result "1-0"]
[WhiteElo "1192"]
[BlackElo "1192"]
[PlyCount "53"]
[EventDate "2009.01.27"]
[EventType "swiss"]
[EventRounds "5"]
[EventCountry "GGB"]
[SourceTitle "BritBase"]
[Source "www.saund.co.uk"]
[SourceDate "2018.02.10"]
[SourceVersion "1"]
[SourceVersionDate "2018.02.10"]
[SourceQuality "1"]

1. e4 e5 2. f4 d6 3. Nf3 Nc6 4. Bc4 Nf6 5. Nc3 Bg4 6. O-O Nd4 7. fxe5 Nxf3+ 8.
gxf3 Bh3 9. exf6 Qxf6 10. Rf2 d5 11. Nxd5 Qg6+ 12. Kh1 Bd6 13. d4 f6 14. Bf4
Bxf4 15. Nxf4 Qg5 16. Nxh3 Qe3 17. Qd3 Qh6 18. f4 g5 19. fxg5 fxg5 20. Bf7+ Kd8
21. Qa3 g4 22. Nf4 Kd7 23. Qa5 Qc6 24. Be6+ Ke7 25. Qg5+ Kd6 26. Qe5+ Ke7 27.
Bd5+ 1-0

[Event "Gibtelecom AmatWk1 7th"]
[Site "Gibraltar"]
[Date "2009.01.27"]
[Round "1.18"]
[White "Feeney, James"]
[Black "Garcia Lechugo, Francisco"]
[Result "1-0"]
[WhiteElo "1080"]
[BlackElo "1688"]
[PlyCount "66"]
[EventDate "2009.01.27"]
[EventType "swiss"]
[EventRounds "5"]
[EventCountry "GGB"]
[SourceTitle "BritBase"]
[Source "www.saund.co.uk"]
[SourceDate "2018.02.10"]
[SourceVersion "1"]
[SourceVersionDate "2018.02.10"]
[SourceQuality "1"]

1. f4 e5 2. fxe5 d6 3. exd6 Bxd6 4. Nf3 Bg4 5. e4 Nf6 6. d3 Nc6 7. c3 Qe7 8.
Be2 Nxe4 9. dxe4 Qxe4 10. O-O Bxf3 11. Bxf3 Qh4 12. Bxc6+ bxc6 13. Qe1+ Qxe1
14. Rxe1+ Kd7 15. Nd2 Rab8 16. Nb3 Rb5 17. Be3 a5 18. Rab1 Rhb8 19. Red1 Rh5
20. Bf4 a4 21. Bxd6 cxd6 22. Nd4 Re8 23. Re1 Ra8 24. Rf1 f6 25. Rbd1 Raa5 26.
b4 axb3 27. axb3 Rhg5 28. Ra1 Rac5 29. Ra7+ Kc8 30. Rfa1 Rxc3 31. Ne6 Rb5 32.
Rxg7 Rcxb3 33. Ra8+ Rb8 1-0

[Event "Gibtelecom AmatWk1 7th"]
[Site "Gibraltar"]
[Date "2009.01.27"]
[Round "1.19"]
[White "Naldrett, Geoffrey William"]
[Black "Vargas Salgado, Raul"]
[Result "1-0"]
[WhiteElo "1600"]
[BlackElo "1156"]
[PlyCount "69"]
[EventDate "2009.01.27"]
[EventType "swiss"]
[EventRounds "5"]
[EventCountry "GGB"]
[SourceTitle "BritBase"]
[Source "www.saund.co.uk"]
[SourceDate "2018.02.10"]
[SourceVersion "1"]
[SourceVersionDate "2018.02.10"]
[SourceQuality "1"]

1. e4 c5 2. c3 Nc6 3. d4 cxd4 4. cxd4 e6 5. Nf3 d5 6. e5 g6 7. Bb5 Qa5+ 8. Nc3
Bb4 9. Bd2 Bxc3 10. Bxc6+ bxc6 11. Bxc3 Qb6 12. O-O Ba6 13. Re1 Ne7 14. Nd2 Qd8
15. Nb3 O-O 16. Nc5 Bc8 17. Re3 Nf5 18. Rh3 f6 19. f4 fxe5 20. fxe5 Qg5 21. Bd2
Qe7 22. Qa4 Qf7 23. Rf3 Qc7 24. Raf1 Bd7 25. Ba5 Qc8 26. g4 Rb8 27. Bc3 Qc7 28.
gxf5 exf5 29. Na6 c5 30. Qd1 Qb7 31. Nxb8 Bb5 32. Re1 cxd4 33. Qxd4 Rxb8 34. e6
Re8 35. Qh8# 1-0

[Event "Gibtelecom AmatWk1 7th"]
[Site "Gibraltar"]
[Date "2009.01.28"]
[Round "2.1"]
[White "Barros Campoy, Jose Manuel"]
[Black "Bishop, Geoffrey L"]
[Result "1-0"]
[WhiteElo "1840"]
[BlackElo "1616"]
[PlyCount "69"]
[EventDate "2009.01.27"]
[EventType "swiss"]
[EventRounds "5"]
[EventCountry "GGB"]
[SourceTitle "BritBase"]
[Source "www.saund.co.uk"]
[SourceDate "2018.02.10"]
[SourceVersion "1"]
[SourceVersionDate "2018.02.10"]
[SourceQuality "1"]

1. d4 Nf6 2. Bg5 Ne4 3. Bf4 c5 4. f3 Qa5+ 5. c3 Nf6 6. Nd2 cxd4 7. Nb3 Qb6 8.
Qxd4 Nc6 9. Qxb6 axb6 10. e4 e5 11. Be3 d5 12. exd5 Nxd5 13. Bf2 Be6 14. Nd2
Bc5 15. Bxc5 bxc5 16. Ne4 Ne3 17. Kf2 Nxf1 18. Kxf1 b6 19. a3 Na5 20. Rd1 Ke7
21. b4 cxb4 22. axb4 Nc4 23. Kf2 Ra2+ 24. Ne2 h6 25. g4 g6 26. g5 Bf5 27. h4
Bxe4 28. fxe4 Nd6 29. Kf3 Nxe4 30. Nc1 Nxc3 31. Nxa2 Nxa2 32. Rd5 Ke6 33. Rhd1
Nxb4 34. Rd6+ Kf5 35. Rf6# 1-0

[Event "Gibtelecom AmatWk1 7th"]
[Site "Gibraltar"]
[Date "2009.01.28"]
[Round "2.2"]
[White "Smith, Paul"]
[Black "Aagedal, Geir Ole"]
[Result "1-0"]
[WhiteElo "1600"]
[BlackElo "1832"]
[PlyCount "75"]
[EventDate "2009.01.27"]
[EventType "swiss"]
[EventRounds "5"]
[EventCountry "GGB"]
[SourceTitle "BritBase"]
[Source "www.saund.co.uk"]
[SourceDate "2018.02.10"]
[SourceVersion "1"]
[SourceVersionDate "2018.02.10"]
[SourceQuality "1"]

1. d4 Nf6 2. Nf3 d5 3. Bf4 Bf5 4. Nbd2 e6 5. c3 Bd6 6. Ne5 O-O 7. e3 Nfd7 8.
Ndf3 f6 9. Nxd7 Qxd7 10. Bg3 Nc6 11. Bd3 Ne7 12. Qc2 Rac8 13. Nh4 Bxd3 14. Qxd3
e5 15. dxe5 fxe5 16. e4 d4 17. Qc4+ Kh8 18. O-O c5 19. Nf3 b5 20. Qe2 Ng6 21.
h4 c4 22. Ng5 Nf4 23. Bxf4 Rxf4 24. g3 Rf6 25. cxd4 exd4 26. e5 Re8 27. Qe4 Rg6
28. Qxd4 Rxe5 29. Rad1 Qe7 30. Qg4 Qf8 31. Qd7 Be7 32. Rde1 Rd6 33. Qxa7 Rxe1
34. Rxe1 Bxg5 35. hxg5 h6 36. Qc5 hxg5 37. Qxb5 Qf7 38. Qb8+ 1-0

[Event "Gibtelecom AmatWk1 7th"]
[Site "Gibraltar"]
[Date "2009.01.28"]
[Round "2.3"]
[White "Viera Falcon, Cristo"]
[Black "Naldrett, Geoffrey William"]
[Result "0-1"]
[WhiteElo "1750"]
[BlackElo "1600"]
[PlyCount "71"]
[EventDate "2009.01.27"]
[EventType "swiss"]
[EventRounds "5"]
[EventCountry "GGB"]
[SourceTitle "BritBase"]
[Source "www.saund.co.uk"]
[SourceDate "2018.02.10"]
[SourceVersion "1"]
[SourceVersionDate "2018.02.10"]
[SourceQuality "1"]

1. d4 Nf6 2. c4 g6 3. Nc3 d5 4. h4 Bg7 5. h5 Bf5 6. h6 Bf8 7. cxd5 Nxd5 8. Qb3
Nxc3 9. bxc3 b6 10. f3 Bc8 11. e4 e6 12. Bb2 Rg8 13. Rd1 Bb7 14. Bc4 Qf6 15. d5
e5 16. Ba3 Bxa3 17. Qxa3 Qd6 18. Qb3 Nd7 19. Bb5 O-O-O 20. Bxd7+ Rxd7 21. Ne2
f5 22. Ng3 Rf7 23. Kd2 f4 24. Ne2 g5 25. c4 Rg6 26. Qa4 Rf8 27. Qxa7 Qb4+ 28.
Kd3 b5 29. Qf2 Ra6 30. Nc1 Ra3+ 31. Ke2 Qxc4+ 32. Rd3 b4 33. Kd2 Rxd3+ 34. Nxd3
Qc3+ 35. Ke2 Qc2+ 36. Ke1 0-1

[Event "Gibtelecom AmatWk1 7th"]
[Site "Gibraltar"]
[Date "2009.01.28"]
[Round "2.4"]
[White "Chidi, Lovinia Sylvia"]
[Black "Carlsen, Ellen Oen"]
[Result "1/2-1/2"]
[WhiteElo "1588"]
[BlackElo "1748"]
[PlyCount "150"]
[EventDate "2009.01.27"]
[EventType "swiss"]
[EventRounds "5"]
[EventCountry "GGB"]
[SourceTitle "BritBase"]
[Source "www.saund.co.uk"]
[SourceDate "2018.02.10"]
[SourceVersion "1"]
[SourceVersionDate "2018.02.10"]
[SourceQuality "1"]

1. e4 c5 2. Nf3 Nc6 3. d4 cxd4 4. Nxd4 Nf6 5. Nc3 e5 6. Nb3 Bb4 7. Bd3 d5 8.
exd5 Nxd5 9. Bd2 Bxc3 10. bxc3 O-O 11. O-O Nb6 12. a4 Be6 13. Nc5 Bc4 14. Be3
Qe7 15. a5 Bxd3 16. Qxd3 Rfd8 17. Qe2 Nd5 18. Ne4 Nxe3 19. Qxe3 Rac8 20. h3 Qc7
21. Ng3 g6 22. Rfe1 f5 23. Qg5 Qg7 24. Qc1 e4 25. Ne2 Rd6 26. Qb2 Rcd8 27. Rac1
R8d7 28. Qb1 Qe5 29. Rcd1 Kg7 30. Kh1 Nxa5 31. Rxd6 Qxd6 32. Nd4 Nc6 33. Rd1
Qf6 34. Qb5 Re7 35. Qc5 Qe5 36. Qa3 Qa5 37. Qd6 Qe5 38. Nxc6 Qxd6 39. Rxd6 bxc6
40. Rxc6 Rd7 41. g3 a5 42. Ra6 Rd5 43. Kg2 Rc5 44. Kf1 h5 45. h4 Rxc3 46. Rxa5
Rxc2 47. Ra7+ Kf6 48. Ra6+ Kg7 49. Ra7+ Kh6 50. Ra6 Rc3 51. Kg2 Rf3 52. Re6 Rd3
53. Kf1 Kg7 54. Ra6 Rd7 55. Ke2 Kf7 56. Ra2 Ke6 57. Ra6+ Rd6 58. Ra5 Kf6 59.
Ra2 g5 60. Ra8 gxh4 61. gxh4 Rd7 62. Ra6+ Kg7 63. f3 Re7 64. Ra5 exf3+ 65. Kxf3
Re4 66. Ra7+ Kf6 67. Ra6+ Re6 68. Ra5 Rb6 69. Ra3 Rc6 70. Rb3 Ra6 71. Rc3 Ra4
72. Rc6+ Ke5 73. Rc5+ Kd6 74. Rxf5 Rxh4 75. Kg3 Rb4 1/2-1/2

[Event "Gibtelecom AmatWk1 7th"]
[Site "Gibraltar"]
[Date "2009.01.28"]
[Round "2.5"]
[White "Gates, David A"]
[Black "Socko, Weronika"]
[Result "0-1"]
[WhiteElo "1738"]
[BlackElo "1600"]
[PlyCount "25"]
[EventDate "2009.01.27"]
[EventType "swiss"]
[EventRounds "5"]
[EventCountry "GGB"]
[SourceTitle "BritBase"]
[Source "www.saund.co.uk"]
[SourceDate "2018.02.10"]
[SourceVersion "1"]
[SourceVersionDate "2018.02.10"]
[SourceQuality "1"]

1. e4 e5 2. Bc4 Nc6 3. d3 Nf6 4. Nf3 Bc5 5. O-O b6 6. Bg5 O-O 7. Nc3 Bb7 8. Nd5
Be7 9. Nxe7+ Qxe7 10. Nh4 Qd6 11. Nf5 Qb4 12. Bxf6 g6 13. Nh6# 0-1

[Event "Gibtelecom AmatWk1 7th"]
[Site "Gibraltar"]
[Date "2009.01.28"]
[Round "2.6"]
[White "Wright, Jonathan"]
[Black "Bath, Tom"]
[Result "1-0"]
[WhiteElo "1696"]
[BlackElo "1192"]
[PlyCount "39"]
[EventDate "2009.01.27"]
[EventType "swiss"]
[EventRounds "5"]
[EventCountry "GGB"]
[SourceTitle "BritBase"]
[Source "www.saund.co.uk"]
[SourceDate "2018.02.10"]
[SourceVersion "1"]
[SourceVersionDate "2018.02.10"]
[SourceQuality "1"]

1. d4 f5 2. Nf3 e6 3. b3 Nf6 4. Bb2 Bb4+ 5. Nbd2 Qe7 6. a3 Bxd2+ 7. Qxd2 Nd5 8.
e3 b6 9. Bd3 Bb7 10. Qe2 d6 11. c4 Nf6 12. Nd2 Qf7 13. f3 Nbd7 14. b4 e5 15. c5
O-O 16. b5 Nh5 17. e4 g6 18. O-O Nhf6 19. g4 Nxg4 20. fxg4 {illegible} 1-0